L'art dentaire : (Registro nro. 5751)

Detalles MARC
000 -CABECERA
campo de control de longitud fija 00529nam a22002057a 4500
003 - IDENTIFICADOR DEL NÚMERO DE CONTROL
campo de control AR-RoIUNI
005 - FECHA Y HORA DE LA ÚLTIMA TRANSACCIÓN
campo de control 20241122062957.0
007 - CAMPO FIJO DE DESCRIPCIÓN FÍSICA--INFORMACIÓN GENERAL
campo de control de longitud fija ta
008 - DATOS DE LONGITUD FIJA--INFORMACIÓN GENERAL
campo de control de longitud fija 231017s1907 fr a||||r|||| 001 0 fre d
040 ## - FUENTE DE LA CATALOGACIÓN
Centro/agencia transcriptor AR-RoIUNI
080 ## - NÚMERO DE LA CLASIFICACIÓN DECIMAL UNIVERSAL
Número de la Clasificación Decimal Universal 616.314 GOU
100 ## - ENTRADA PRINCIPAL--NOMBRE DE PERSONA
Nombre de persona Gourc, Louis
245 10 - MENCIÓN DE TÍTULO
Título L'art dentaire :
Resto del título a la portée du médecin /
Mención de responsabilidad, etc. Louis Gourc
250 ## - MENCIÓN DE EDICIÓN
Mención de edición 2a ed.
Resto de la mención de edición rev.
260 ## - PUBLICACIÓN, DISTRIBUCIÓN, ETC. (PIE DE IMPRENTA)
Lugar de publicación, distribución, etc. Paris :
Nombre del editor, distribuidor, etc. A. Maloine ,
Fecha de publicación, distribución, etc. 1907
300 ## - DESCRIPCIÓN FÍSICA
Extensión 225 p. :
Otras características físicas il. ;
Dimensiones 15 cm
500 ## - NOTA GENERAL
Nota general Texto en Francés
650 10 - PUNTO DE ACCESO ADICIONAL DE MATERIA--TÉRMINO DE MATERIA
Término de materia o nombre geográfico como elemento inicial Odontología
9 (RLIN) 546
942 ## - ELEMENTOS DE PUNTO DE ACCESO ADICIONAL (KOHA)
Fuente del sistema de clasificación o colocación Clasificación Decimal Universal
Tipo de ítem Koha Libros
Existencias
Estado de retiro Estado de pérdida Fuente del sistema de clasificación o colocación Estado dañado Excepción de préstamo Código de colección Localización permanente Ubicación/localización actual Ubicación en estantería Fecha de adquisición Fuente de adquisición Número de inventario Total de préstamos Signatura topográfica completa Código de barras Fecha visto por última vez Precio válido a partir de Tipo de ítem Koha
    Clasificación Decimal Universal     Colección Libros Antiguos BIBLIOTECA RIOBAMBA BIBLIOTECA RIOBAMBA BIBLIOTECA RIOBAMBA 17/10/2023 Donación 8027   616.314 GOU 8027 17/10/2023 17/10/2023 Libros